000 01549nam a22001577a 4500
999 _c518086
_d518086
008 210817b ||||| |||| 00| 0 eng d
100 _aSteffen, Isabelle Stadelmann and Gerber, Marlene
_928506
245 _aVoting in the rain:The impact of rain on participation in open-air assemblies
260 _aLocal Government Studies
300 _a46(3), Jun, 2020: p.414-435
520 _aThe analysis of how weather conditions influence participation at the ballot and whether bad weather influences ballot decisions has recently gained momentum. This paper analyses the influence of rain on participation in the Landsgemeinde – the main decision-making body of two Swiss cantons, wherein citizens meet on the main square in order to debate and decide bindingly on political matters of all sorts. We rely on a survey with an in-built conjoint experiment that presents citizens with several hypothetical Landsgemeinde situations characterized by randomly varied combinations of weather and other conditions such as outcome favorability, the expected closeness of the vote and the company available during the event. We find that rain not only decreases overall participation but it also lowers participation when votes are expected to be uncontested and for individuals who do not primarily attend the Landsgemeinde for political reasons. – Reproduced
650 _aCitizen assemblies, Voting, Participation, Political mobilization, Survey experiment, Rain
_926889
773 _aLocal Government Studies
906 _aASSEMBLIES
942 _cAR